000 00210nam a22000857a 4500
008 161104b xxu||||| |||| 00| 0 eng d
100 _91035
_aTayal B. B
245 _aSocial Science VII
260 _aNew Delhi
_bAP
_c2012
999 _c3692
_d3692